Mario-Kart Strecken - Statistiken

Allgemein
  • Dieses Quiz wurde 165 mal gespielt
  • Das Durchschnittsergebnis liegt bei 50 aus 136
Antwortstatistiken
Spiel Strecke % Korrekt
Mario Kart 7 | Mario Kart 8 | Mario Kart DS | +3 others Mario's Piste
87%
Mario Kart 64 | Mario Kart 7 | Mario Kart 8 | +5 others Regenbogen-Boulevard
82%
Mario Kart 64 | Mario Kart 7 | Mario Kart 8 | +3 others Bowsers Festung
79%
Mario Kart: Super Circuit Luigis Piste
77%
Mario Kart Wii | Mario Kart: Double Dash!! Luigi's Piste
77%
Mario Kart: Double Dash!! Yoshi's Piste
57%
Mario Kart Wii Daisy's Piste
52%
Mario Kart Wii Kuhmuh-Weide
52%
Mario Kart Wii Pilz-Schlucht
49%
Mario Kart Wii Toads Fabrik
49%
Mario Kart Wii Blätterwald
48%
Mario Kart 7 Toads Piste
48%
Mario Kart DS Wario-Arena
46%
Mario Kart Wii Wario's Goldmine
46%
Mario Kart DS Waluigi-Flipper
45%
Mario Kart 64 | Mario Kart: Double Dash!! Sorbet-Land
44%
Mario Kart: Double Dash!! Baby-Park
43%
Mario Kart DS Peachs Schlossgarten
42%
Mario Kart: Double Dash!! Waluigi-Arena
42%
Mario Kart: Super Circuit | Super Mario Kart Bowsers Festung 2
41%
Mario Kart Wii Kokos-Promenade
41%
Mario Kart: Super Circuit Peachs Piste
41%
Mario Kart: Super Circuit | Super Mario Kart Bowsers Festung 3
40%
Mario Kart DS Luigi's Mansion
40%
Mario Kart: Double Dash!! Staubtrockene Wüste
40%
Mario Kart DS Cheep Cheep-Strand
39%
Mario Kart 7 DK Dschungel
39%
Mario Kart Wii Koopa-Kap
38%
Super Mario Kart Mario's Piste 2
38%
Mario Kart 8 Wario-Abfahrt
38%
Super Mario Kart Mario's Piste 3
36%
Mario Kart Wii Vulkangrollen
36%
Mario Kart: Double Dash!! Daisy's Dampfer
34%
Mario Kart Wii DK Skikane
34%
Mario Kart DS Ticktack-Trauma
33%
Mario Kart: Super Circuit Bowsers Festung 4
32%
Super Mario Kart Mario's Piste 4
32%
Mario Kart: Double Dash!! Peach Beach
32%
Mario Kart: Double Dash!! DK Bergland
31%
Mario Kart 64 Koopa Strand
31%
Mario Kart 64 Toads Autobahn
31%
Mario Kart DS Yoshi-Kaskaden
31%
Mario Kart DS Achterpiste
30%
Mario Kart Wii Mondblickstraße
30%
Mario Kart: Super Circuit Shy Guy-Strand
30%
Super Mario Kart Donut-Ebene 3
28%
Super Mario Kart Mario's Piste 1
28%
Mario Kart DS Piazzale Delfino
28%
Mario Kart 7 Rosalinas Eisplanet
28%
Mario Kart DS DK Alpin
27%
Super Mario Kart Donut-Ebene 1
27%
Super Mario Kart Donut-Ebene 2
27%
Mario Kart Wii Staubtrockene Ruinen
27%
Mario Kart 8 Toads Hafenstadt
27%
Mario Kart 64 Mario's Rennpiste
26%
Mario Kart: Double Dash!! Pilz-Brücke
26%
Mario Kart DS Pilz-Pass
26%
Mario Kart: Double Dash!! Wario-Kolosseum
26%
Mario Kart 8 Zuckersüßer Canyon
26%
Mario Kart 64 Schoko-Sumpf
25%
Mario Kart 8 Sonnenflughafen
25%
Mario Kart 8 Wasserpark
24%
Mario Kart 64 Yoshi-Tal
24%
Mario Kart: Double Dash!! Dinodino-Dschungel
23%
Mario Kart DS Fliegende Festung
23%
Mario Kart DS Glühheisse Wüste
23%
Mario Kart 7 Instrumentalpiste
23%
Mario Kart 64 Kalimari-Wüste
23%
Mario Kart: Super Circuit Käseland
23%
Mario Kart 64 Kuhmuh-Farm
23%
Mario Kart 8 Mario Kart-Stadion
23%
Mario Kart 8 Steinblock-Ruinen
23%
Mario Kart: Super Circuit Wolkenpiste
23%
Mario Kart: Super Circuit | Super Mario Kart Bowsers Festung 1
22%
Mario Kart 8 Discodrom
22%
Super Mario Kart Geistertal 2
22%
Mario Kart 8 Delfinlagune
21%
Mario Kart 7 Shy Guys Basar
21%
Mario Kart 7 Wuhu-Rundfahrt
21%
Mario Kart 7 Cheep Cheep Bucht
20%
Mario Kart 7 Daisyhausen
20%
Super Mario Kart Geistertal 1
20%
Super Mario Kart Geistertal 3
20%
Mario Kart 64 Königliche Rennpiste
20%
Mario Kart 64 Luigi's Rennpiste
20%
Mario Kart 7 Röhrenraserei
20%
Mario Kart 8 Shy Guys Wasserfälle
19%
Mario Kart 7 Wuhu-Bergland
19%
Mario Kart 8 Gruselwusel-Villa
18%
Mario Kart 7 Koopa-Großstadtfieber
18%
Super Mario Kart Koopa-Strand 2
18%
Mario Kart: Double Dash!! Pilz-City
18%
Mario Kart 64 Spukpfad
17%
Super Mario Kart Vanille-See 2
17%
Super Mario Kart Schoko Insel 1
16%
Super Mario Kart Schoko-Insel 2
16%
Super Mario Kart Vanille-See 1
16%
Mario Kart 7 Warios Galeonenwrack
16%
Mario Kart 8 Knochentrockene Dünen
15%
Mario Kart 8 Wolkenstraße
15%
Mario Kart 64 DKs Dschungelpark
14%
Mario Kart 7 Gebirgspfad
14%
Mario Kart 64 Wario Stadion
14%
Mario Kart: Super Circuit Buu Huu-Tal
13%
Super Mario Kart Koopa-Strand 1
13%
Mario Kart: Super Circuit Flussufer-Park
12%
Mario Kart: Super Circuit Party-Straße
11%
Mario Kart: Super Circuit Sonnenuntergangs-Wüste
10%
Mario Kart 64 Polar-Parcours
9%
Mario Kart: Super Circuit Schneeland
9%
Mario Kart: Super Circuit Seeufer-Park
7%
Mario Kart: Super Circuit Yoshi-Wüste
6%
Mario Kart: Super Circuit Zerstörter Pfad
4%
Mario Kart: Super Circuit Cheep Cheep-Insel
3%
Keine übereinstimmenden Quizze gefunden
Verteilung der Resultate
Anzahl Personen mit jedem Resultat
Perzentil nach korrekt beantworteten Fragen
Ihre Resultats-Entwicklung
Sie haben dieses Quiz noch nicht gespielt